| 000 | 00936nam a2200193 a 4500 | ||
|---|---|---|---|
| 008 | 120416s1976 ||||||||||||||||| || u | ||
| 020 | _a007051366X | ||
| 050 | _aHF 5429 Red | ||
| 100 | _aRedinbaugh, Larry D | ||
| 245 | 1 | 0 | _aRetailing management: a planning approach |
| 260 |
_aNew York: _bMcGraw-Hill _c1976 |
||
| 300 | _axviii, 429p. | ||
| 350 | _a0.00 | ||
| 500 | _aIncludes bibliographical references and index. | ||
| 650 | _aRETAIL TRADE--MANAGEMENT | ||
| 995 |
_aMAIN LIBRARY OPEN ACCESS _D0.00 _e004926 _FCBU-MAIN LIBRARY (Kitwe) _H2 _I27.00 _jHF 5429 Red _UAVAILABLE _y004926 _ZMain Library Open Access Collection |
||
| 995 |
_aMAIN LIBRARY OPEN ACCESS _D0.00 _e004927 _FCBU-MAIN LIBRARY (Kitwe) _H1 _I27.00 _jHF 5429 Red _UAVAILABLE _y004927 _ZMain Library Open Access Collection |
||
| 995 |
_aMAIN LIBRARY OPEN ACCESS _D0.00 _e004928 _FCBU-MAIN LIBRARY (Kitwe) _H3 _I27.00 _jHF 5429 Red _UAVAILABLE _y004928 _ZMain Library Open Access Collection |
||
| 999 |
_c80204 _d80204 |
||